Elementary analysis / (Record no. 70364)
[ view plain ]
| 000 -LEADER | |
|---|---|
| fixed length control field | 00853nam a2200277 a 4500 |
| 001 - CONTROL NUMBER | |
| control field | 70364 |
| 003 - CONTROL NUMBER IDENTIFIER | |
| rucl marc code | BD-RjUL |
| 005 - DATE AND TIME OF LATEST TRANSACTION | |
| control field | 20211209082005.0 |
| 008 - FIXED-LENGTH DATA ELEMENTS--GENERAL INFORMATION | |
| fixed length control field | 170417s1966 enka 001 0 eng |
| 035 ## - SYSTEM CONTROL NUMBER | |
| System control number | (BD-RjUL)70578 |
| 040 ## - CATALOGING SOURCE | |
| Original cataloging agency | DLC |
| Transcribing agency | YNG |
| Modifying agency | BD-RjUL |
| Language of cataloging | eng |
| 041 ## - LANGUAGE CODE | |
| Language code of text/sound track or separate title | eng |
| 082 ## - DEWEY DECIMAL CLASSIFICATION NUMBER | |
| Classification number | 515 |
| Edition number | 23 |
| Author mark and year | SNE 1966 |
| 100 ## - MAIN ENTRY--PERSONAL NAME | |
| Personal name | Snell, K. S. |
| Fuller form of name | (Kenneth Scotchburn). |
| 9 (RLIN) | 208359 |
| 245 10 - TITLE STATEMENT | |
| Title | Elementary analysis / |
| Statement of responsibility, etc. | by K. S. Snell and J. B. Morgan. |
| 250 ## - EDITION STATEMENT | |
| Edition statement | 1st ed. |
| 260 ## - PUBLICATION, DISTRIBUTION, ETC. (IMPRINT) | |
| Place of publication, distribution, etc. | Oxford ; |
| -- | New York : |
| Name of publisher, distributor, etc. | Pergamon Press, |
| Date of publication, distribution, etc. | c1966. |
| 300 ## - PHYSICAL DESCRIPTION | |
| Pagination | v. : |
| Illustrations | ill. ; |
| Size | 20 cm. |
| 490 0# - SERIES STATEMENT | |
| Series statement | The Commonwealth and international library. Mathematics division. |
| 500 ## - GENERAL NOTE | |
| General note | Includes index |
| 505 ## - FORMATTED CONTENTS NOTE | |
| Formatted contents note | Vol.2---. V.1--- |
| 650 #0 - SUBJECT ADDED ENTRY--TOPICAL TERM | |
| Topical term or geographic name as entry element | Mathematical analysis. |
| 9 (RLIN) | 208360 |
| 700 1# - ADDED ENTRY--PERSONAL NAME | |
| Personal name | Morgan, J. B. |
| Fuller form of name | (John Butler). |
| 942 ## - ADDED ENTRY ELEMENTS (KOHA) | |
| Source of classification or shelving scheme | Dewey Decimal Classification |
| Koha item type | Books |
| Lost status | Source of classification or shelving scheme | Damaged status | Not for loan | Collection code | Permanent Location | Current Location | Shelving location | Date acquired | Source of acquisition | Cost, normal purchase price | Total Checkouts | Full call number | Date last seen | Copy number | Koha item type |
|---|---|---|---|---|---|---|---|---|---|---|---|---|---|---|---|
| Dewey Decimal Classification | Not For Loan | Non-fiction | Central Library, University of Rajshahi | Central Library, University of Rajshahi | Reading Room | 07/12/1968 | Zetlinger | 30.00 | 515 SNE V-2 1966 | 17/04/2017 | C-1 | Books | |||
| Dewey Decimal Classification | Not For Loan | Non-fiction | Central Library, University of Rajshahi | Central Library, University of Rajshahi | Reading Room | 07/12/1968 | Zetlinger | 25.00 | 515 SNE V-1 1965 | 17/04/2017 | C-1 | Books |